Slovensko-nemecký slovník /

Gespeichert in:
Bibliographische Detailangaben
1. Verfasser: Siarsky, Július (Verfasst von)
Format: Buch
Sprache:Slowakisch
Veröffentlicht: Bratislava : AMOS, 1991
Ausgabe:2.nezm.vyd.
Tags: Tag hinzufügen
Keine Tags, Fügen Sie das erste Tag hinzu!

MARC

LEADER 00000nam a22000003a 4500
001 stu76522
005 20150617225645.7
008 020101s1991----cs------------------slo-d
020 |a 80-85290-01-4 
040 |a STU  |b slo 
041 0 |a slo 
044 |a cs 
080 |a 801.323.2=30=854  |7 stu_us_auth*stu8224 
100 1 |a Siarsky, Július  |4 aut 
245 1 |a Slovensko-nemecký slovník /  |c [aut.] Siarsky,Július 
250 |a 2.nezm.vyd. 
260 |a Bratislava :  |b AMOS,  |c 1991 
300 |a 729 s 
996 |b 284EK07116  |c E*74214  |l EE01  |s A  |a 24  |w stu76522_0001 
996 |b E74223  |c E*74223  |l EE09  |s P  |a 0  |w stu76522_0003 
996 |b E74692  |c E*74692  |l EE05  |s P  |a 0  |w stu76522_0004 
996 |b E75262  |c E*75262  |l EE18  |s P  |a 0  |w stu76522_0005 
996 |b E75263  |c E*75263  |l EE18  |s P  |a 0  |w stu76522_0006 
996 |b E74285  |c E*74285  |l EE04  |s P  |a 0  |w stu76522_0007